Normal view
MARC view
- Tahir, M. Athar.
Entry Personal Name
001 - CONTROL NUMBER
- control field: 3797
003 - CONTROL NUMBER IDENTIFIER
- control field: NUST
005 - DATE AND TIME OF LATEST TRANSACTION
- control field: 20170807111304.0
008 - FIXED-LENGTH DATA ELEMENTS
- fixed length control field: 170807|| aca||aabn | a|a d
040 ## - CATALOGING SOURCE
- Original cataloging agency: NUST
- Transcribing agency: NUST
100 ## - HEADING--PERSONAL NAME
- Personal name: Tahir, M. Athar.
670 ## - SOURCE DATA FOUND
- Source citation: Work cat.: (NUST)0: Tahir, M. Athar., Punjab portraits /, 1992.
